[Event "Rotterdam Pathena op"]
[Site "Rotterdam"]
[Date "2015.05.04"]
[Round "3"]
[White "Lu, Liqin"]
[Black "Ganguly, Sumit"]
[Result "1-0"]
[WhiteElo "1069"]
[BlackElo "1642"]
[PlyCount "65"]
[EventDate "2015.05.02"]
[EventType "swiss"]
[EventRounds "7"]
[EventCountry "NED"]
[SourceTitle "CBM 166 Extra"]
[Source "ChessBase"]
[SourceDate "2015.06.18"]
[SourceVersion "1"]
[SourceVersionDate "2015.06.18"]
[SourceQuality "1"]

1. e4 e5 2. Nf3 Nc6 3. Bc4 Bc5 4. c3 Nf6 5. d4 exd4 6. cxd4 Bb4+ 7. Nc3 Nxe4 8. 0-0 Bxc3 9. bxc3 d5 10. Qd3 0-0 11. Bb3 Bf5 12. Ng5 Bg6 13. Nxe4 Bxe4 14. Qg3 Na5 15. Bf4 Rc8 16. f3 Bg6 17. Rfe1 Nxb3 18. axb3 a6 19. Re2 c6 20. Rae1 Qb6 21. Bd6 Rfd8 22. Be7 Rd7 23. Qg4 f5 24. Qf4 Qc7 25. Qe3 Re8 26. Qg5 Qc8 27. h4 Qc7 28. g3 Bf7 29. Bf6 Bg6 30. Rxe8+ Bxe8 31. Rxe8+ Kf7 32. Qxg7+ Kxe8 33. Qg8# 1-0